Score 0/9 Timer 00:15
0 Plays Today
% Correct
The Simpsons
88.7%
The Jetsons
83.2%
The Addams Family
78.4%
Little House on the Prairie
78.1%
Doogie Howser, M.D.
75.7%
Stranger Things
73.6%
Leave It to Beaver
72.6%
Wonder Years
72.3%
Family Ties
70.2%
Remove Ads.
Support Sporcle.
Get the best of Sporcle when you Go Orange. This ad-free experience offers more features, more stats, and more fun while also helping to support Sporcle. Thank you for becoming a member.

You're not logged in!

Compare scores with friends on all Sporcle quizzes.
OR
Log In

Sporcle TV

Today on Sporcle TV


Watch our educational content, quiz creation guides, and fun videos on Sporcle TV.

Show Comments

Extras

Top Quizzes Today


Score Distribution

Paid Content

Your Account Isn't Verified!

In order to create a playlist on Sporcle, you need to verify the email address you used during registration. Go to your Sporcle Settings to finish the process.

Report this User

Report this user for behavior that violates our Community Guidelines.

Details: